000 00787nam a2200193 4500
001 245
005 20230411085952.0
008 060907n2001 dr spa
020 _a999344801X
035 _9funglode246
041 _aES
110 _aRepública Dominicana, Leyes, etc.
245 1 _aProyecto de Código de Comercio /
_cComisión de Revisión y Actualización del Código de Comercio; Coordinador Bernardo Fernández Pichardo, Edición Aura Celeste Fernández R
260 _aSanto Domingo :
_bUniversidad Iberoamericana (UNIBE),
_c2001
300 _aLx, 822 p.
440 _aCuadernos de la Comisión de Revisión y Actualización de los Códigos ;
_v6
700 _aFernández Pichardo, Bernardo, Coord. \ Fernández R., Aura Celeste, Ed.
942 _2lcc
_cbk
999 _c110190
_d110190